Las asignaturas y la visión cristiana del mundo
Guardado en:
| Autor principal: | |
|---|---|
| Formato: | Libro |
| Lenguaje: | español |
| Publicado: |
Santiago
Paulinas
1982
|
| Colección: | Colección Pedagógica, 4
|
| Materias: | |
| Etiquetas: |
Agregar Etiqueta
Sin Etiquetas, Sea el primero en etiquetar este registro!
|
MARC
| LEADER | 00000nam a2200000 a 4500 | ||
|---|---|---|---|
| 001 | UCW5209 | ||
| 003 | CL-VaPUC | ||
| 008 | 910117e19820000CL |||||||||||||||||spa|d | ||
| 082 | 0 | 4 | |a 377 |b VRA |2 21 |
| 100 | 0 | |a Vrancken, Isabel |e author |9 310094 | |
| 245 | 1 | 4 | |a Las asignaturas y la visión cristiana del mundo |
| 300 | |a 77 p | ||
| 942 | |c BK | ||
| 945 | |d 19910117 00:00:00 | ||
| 260 | |a Santiago |b Paulinas |c 1982 | ||
| 650 | 0 | |a Educación Católica |9 308272 | |
| 650 | 7 | |a IGLESIA Y EDUCACION |2 CL-VaPUC |9 307850 | |
| 583 | |a last modification |c 19910117 00:00:00 |k Rodrigo Vera | ||
| 490 | 0 | |a Colección Pedagógica, 4 | |
| 999 | |c 218694 |d 218692 | ||
| 952 | |0 0 |1 0 |4 0 |6 377_000000000000000_VRA_1982 |7 0 |8 P |9 208660 |a BIBEDU |b BIBEDU |c BIBEDU_PB |d 2019-11-15 |i 2765314 |o 377 VRA 1982 |p 2765314 |r 2024-01-25 |w 2019-11-15 |y BK |k EDU | ||
| 952 | |0 0 |1 0 |4 0 |6 377_000000000000000_VRA_1982 |7 0 |8 P |9 208661 |a BIBEDU |b BIBEDU |c BIBEDU_PB |d 2019-11-15 |i 1560476 |o 377 VRA 1982 |p 1560476 |r 2024-01-25 |w 2019-11-15 |y BK |k EDU | ||